[Event "Beersheba 20th"]
[Site "Beersheba"]
[Date "2001.03.12"]
[Round "9"]
[White "Golod, Vitali"]
[Black "Bykhovsky, Avigdor"]
[Result "1/2-1/2"]
[WhiteElo "2591"]
[BlackElo "2420"]
[Annotator "Golod,V"]
[PlyCount "176"]
[EventDate "2001.03.04"]
[EventType "tourn"]
[EventRounds "11"]
[EventCountry "ISR"]
[EventCategory "8"]
[SourceTitle "CBM 082"]
[Source "ChessBase"]
[SourceDate "2001.05.17"]
[SourceVersion "1"]
[SourceVersionDate "2001.05.17"]
[SourceQuality "1"]

1. d4 Nf6 {I prepared for different variants of Slavic defence ,and already by
first course Avigdor has spoiled all my preparation.} 2. c4 e6 3. Nf3 b6 4. e3
{I also would like to surprise with something the contender.} Bb7 5. Bd3 Be7 (
5... d5 $5 {/\Bd6}) 6. O-O O-O 7. Nc3 d5 8. b3 {I do not apply to receive the
large advantage in opening.} (8. cxd5 $5) (8. Qe2 $143 c5 $11) 8... c5 9. dxc5
{From my point of view,this move better,than:} (9. Bb2) ({or} 9. cxd5) 9...
dxc4 ({More essentially:} 9... bxc5 $5 10. Bb2 (10. cxd5 exd5 11. Bb2 $11)
10... Nbd7 11. Rc1 Qa5 12. cxd5 exd5 13. Na4 Rac8 14. Bc3 Qd8 15. Bf5 Ne4 16.
Bxe4 dxe4 17. Ne5 Nxe5 18. Bxe5 f6 19. Bc3 {1/2-1/2 Khenkin,I-Lautier,J/
Mulhouse,2001(19)}) 10. Bxc4 Bxc5 11. Bb2 Nbd7 ({It deserves attention:} 11...
Nc6 12. Qe2 Qe7 13. Rfd1 (13. Ba6 $5) 13... Rfd8 14. Rac1 Rxd1+ 15. Rxd1 Rd8
$11 {1/2-1/2 Kastner,W-Zebedin,W/AUT,1994(15)}) 12. Qe2 {[%cal Gc4a6]} (12. a3
$143 {[%cal Gb3b4]} a5 $6 (12... Bxf3 $5) 13. Na4 Be7 14. Rc1 Rc8 15. Re1 Re8
16. Bb5 $14 {Isaeva,I-Kalininskaya,N/Serpukhov,2000(1-0)(33)}) 12... Qe7 $6
$146 {After this discrepancy I have a minimal positional advantage.} ({Can be
recommended:} 12... Bxf3 $5 13. gxf3 (13. Qxf3 $143 Ne5) 13... Qe7 $11 {
[%cal Gc5a3]}) ({or} 12... a6 {[%cal Gb6b5]} 13. Rfd1 Qe7 14. Na4 Ba3 15. Bxa3
Qxa3 16. Qb2 Qe7 17. Be2 b5 18. Nc3 $11 {Goehring,K-Hort,V/Germany,1983 (0-1)
(25)}) 13. Ba6 Bxa6 14. Qxa6 {+/=/=} Bb4 {(1/2?)} 15. Rfd1 {The fast drawn
game was not included into my plans.} Nc5 (15... Rfd8 $142) 16. Qb5 {[%csl Rb4]
} Bxc3 17. Bxc3 $14 Nd5 18. Bb2 Rac8 19. Rac1 Rfd8 20. Qc4 {[%csl Gc1,Gc4,Rc8,
Rg8][%cal Gb3b4]} Qf8 {[%csl Rc8,Yd8,Yf8][%cal Yd8c8]} 21. h3 {Safety measures
never will damage.} a5 22. Ba3 Qe8 23. Qh4 $1 {The queen with effect is thrown
in king side.} Nf6 24. Rxd8 $5 ({Leads to minimal advantage of white:} 24. Bb2
Nce4 25. Ng5 Rxc1 26. Rxc1 Nxg5 27. Qxg5 Rd5 (27... Qe7 $6 28. Rc6 {[%csl Rb6]}
(28. Rc7 $4 Rd1+ 29. Kh2 Qxc7+ $19)) 28. Qg3 e5 $14) 24... Qxd8 25. Bxc5 Rxc5
26. Rxc5 Qd1+ $6 ({It was better right away:} 26... bxc5) 27. Kh2 bxc5 28. Qf4
$6 (28. Qc4 $142 {+/=/+/-}) 28... Qd8 $6 {Black do not use my oversight.} ({
It was necessary:} 28... h6 $5 29. Qb8+ (29. Ne5 $2 Qc2 30. g4 Qxa2 31. h4 h5
$1 32. g5 $140 Ng4+ $17) 29... Kh7 30. Qc7 {[%csl Ra5,Rc5,Rf7]} Qc2 31. Qxf7
Qxf2 32. Qxe6 Qxa2 33. e4 $14 {[%csl Rh7][%cal Ge4e5]}) 29. Ne5 h6 30. Nc4 {
[%csl Ra5,Rc5]} Nd5 31. Qe5 $16 Nb4 $138 32. Qxc5 Nxa2 33. Nxa5 {At me already
pawn up.} ({Leads to drawn game:} 33. Qxa5 $2 Qb8+ 34. g3 Qxb3 $11) 33... Qb8+
34. Kg1 {I would not like to weaken my king side.} Nb4 35. e4 {[%csl Ye4][%cal
Ye4d5]} Qf4 $1 36. Qe3 (36. Qxb4 $4 Qc1+ 37. Kh2 Qf4+ 38. g3 Qxf2+ 39. Kh1 Qf1+
$11) (36. Nc4 $143 Nd3 37. Qe3 Qxe3 38. fxe3 Nc5 {[%csl Rb3,Re4]} 39. Nd2 $8
Nd3 {[%csl Gd3] +/=/+/-}) 36... Qxe3 37. fxe3 $16 {[%mdl 4096]} e5 38. Kf2 Kf8
39. Ke2 Ke7 40. Nc4 ({Probably it was better:} 40. Kd2 $5 Na6 {[%csl Re4][%cal
Ga6c5]} 41. Nc4 Nc5 (41... f6 42. Kc3 Nc5 43. Nd2 $16 {[%csl Yd2][%cal Gb3b4]})
42. b4 Nxe4+ 43. Kd3 Nf2+ 44. Ke2 Ne4 45. Nxe5 $16) 40... Ke6 41. Kd2 f5 $1 {
Differently black will stay without counterplay.} 42. exf5+ Kxf5 43. Nd6+ Ke6
44. Ne4 Kd5 45. Nc3+ Kd6 46. Ke2 g6 47. g4 $6 {I am not sure in correctness of
the plan, which begins with this move.} (47. e4 $5 {/\Nd5+/-}) 47... Ke6 48. h4
{Now my pawns in the king side can become object of an attack.} Kd6 49. Ne4+
Ke6 50. Ng3 Kd5 51. h5 {[%csl Rh6]} gxh5 $8 52. Nxh5 Ke6 53. Kf3 Nd3 {[%csl
Yd3]} 54. Ng3 Kf6 55. Ne4+ Ke6 $1 {Only so it is possible to hold a position.}
({Loses:} 55... Kg6 $2 {because of:} 56. Nf2 Nb4 57. Ke4 Kf6 58. Nd3 {[%csl
Rb4,Re5]} Nc6 59. b4 $18) 56. Kg3 Kf7 57. Nf2 Nb4 58. Kh4 Kg6 59. e4 Kg7 60.
Kh5 Kh7 61. Nd1 ({Leads to drawn game:} 61. g5 $2 hxg5 62. Ng4 (62. Kxg5 $144
Kg7 63. Kf5 Nc6 $11 {[%csl Rb3,Rf5][%cal Gc6d4]}) 62... Nc6 63. Kxg5 Kg7 $11 {
[%csl Rb3,Yc6]}) 61... Nd3 $14 62. Nc3 Kg7 63. Nd5 ({Nothing gives:} 63. g5 $6
hxg5 64. Kxg5 Kf7 65. Kf5 Ke7 $11 {[%csl Rb3,Yd3]} 66. Nd5+ Kd6 67. b4 Kc6 68.
Ke6 Kb5 69. Kd6 Kc4 70. Kc6 Nxb4+ $1 71. Nxb4 $140 Kd4 $11 {[%csl Re4]}) 63...
Nc5 64. b4 {Only so it is possible to save chance of a win:} Nxe4 65. b5 Nc5
66. b6 e4 67. Ne3 Nb7 68. Nc4 Kh7 $8 ({Loses right away:} 68... Nc5 $4 {
in view of:} 69. Nd6 e3 (69... Kh7 70. Nxe4 $18 {[%csl Gb6]}) 70. Nf5+ {
[%csl Re3,Rg7]}) 69. Ne3 Nc5 70. Nf5 Nb7 71. Nxh6 $1 {Even notwithstanding
what passes this tactical impact a the game is faster than all will be
finished in a draw.} (71. g5 $2 hxg5 72. Kxg5 Kg8 73. Kf6 Kf8 74. Ke6 e3 75.
Nxe3 Ke8 76. Nc4 Kd8 $11) 71... e3 72. Nf7 e2 73. Ng5+ Kg7 74. Nf3 Nd6 75. Kg5
$138 {At this moment at each of us remained less than 5 minutes up to the end
of a game.} (75. Kh4 $143 {[%cal Gh4g3,Gg3f2]} Kf6 76. Kg3 Ke7 77. Kf2 Kd7 78.
Kxe2 Kc6 79. g5 Kxb6 80. g6 Ne8 81. Ke3 Kc6 82. Ke4 Kd6 83. Kf5 Ke7 $11) 75...
Kf7 $138 76. Kf4 Ke7 77. g5 (77. Kg3 $143 Kd7 (77... Ne4+ $5) 78. Kf2 (78. Ne5+
Kc8 79. Kf2 Kb7 $11) 78... Kc6 79. Kxe2 Kxb6 $11) 77... Kd7 (77... Kf7 $2 78.
Kg3 {[%csl Re2][%cal Gg3f2]}) 78. g6 (78. Kg4 $2 Nf7 $1 {[%cal Gf7g5,Gd7c6]}
79. g6 $140 e1=Q $1 80. Nxe1 Ne5+ 81. Kf5 Nxg6 82. Kxg6 Kc6 $11) 78... Ke7 (
78... Ne8 $5 {[%csl Ye8]} 79. Ke3 Kc6 80. Kxe2 Kxb6 81. Ke3 Kc6 82. Kf4 Kd6 83.
Kf5 Ke7 $11) 79. Kg5 Kf8 80. Kf6 Nb7 $11 81. Ne1 Kg8 82. Nc2 Nc5 83. Kg5 {
I have undertaken the king and was going to go at first:} (83. Ke5 {but then
has noticed:} Nd7+ {[%csl Rb6,Re5]}) 83... Kg7 84. Kf5 Nb7 85. Ke4 Kxg6 86. Ke3
Kf5 87. Kxe2 Ke4 88. Ne3 Kd4 1/2-1/2

[Event "Ischia"]
[Site "Ischia"]
[Date "1996.??.??"]
[Round "6"]
[White "Tseitlin, Mark D"]
[Black "Romanishin, Oleg M"]
[Result "1-0"]
[WhiteElo "2545"]
[BlackElo "2590"]
[Annotator "Greenfeld,A"]
[PlyCount "160"]
[EventDate "1996.06.??"]
[EventType "tourn"]
[EventRounds "9"]
[EventCountry "ITA"]
[EventCategory "14"]
[SourceTitle "CBM 054"]
[Source "ChessBase"]
[SourceDate "1996.10.01"]
[SourceVersion "1"]
[SourceVersionDate "1996.10.01"]
[SourceQuality "1"]

1. d4 Nf6 2. c4 e6 3. Nf3 b6 4. e3 Bb7 5. Bd3 c5 6. O-O (6. Nc3 $142 d6 $140 7.
d5) 6... d6 7. Nc3 Nbd7 8. Re1 (8. a3 $5 {/\ b4}) (8. b3) 8... Be7 9. b3 a6 10.
Bb2 O-O 11. Rc1 (11. d5 e5) 11... g6 12. Rc2 Re8 13. Rd2 Qc7 $10 14. d5 e5 (
14... exd5 15. Nxd5 Nxd5 16. cxd5 Bxd5 (16... Bf6) 17. Bxg6 Bxf3 18. Bxh7+ Kxh7
19. Qxf3 f6 20. Qh5+ $10) 15. e4 Nh5 16. g3 $6 (16. Bc1 $142 $10) 16... Rf8 (
16... Ndf6 $5 {/\ Bc8-g4}) 17. Rc2 Rae8 18. Bc1 Bc8 19. Bh6 Ng7 {/\ f5-f4|^>>}
20. g4 $5 Nf6 21. h3 Kh8 22. Ne2 (22. Kf1 $5 Ng8 23. Bxg7+ Kxg7 24. Ke2 $15)
22... Ng8 23. Bxg7+ Kxg7 24. Ng3 h6 (24... Nf6 {/\ Rh8,h5|^}) 25. Kg2 $6 (25.
Kf1 $5) 25... Nf6 26. a3 Rh8 (26... h5 $1 27. g5 $140 (27. gxh5 Rh8) 27... Nh7
{|_ f6}) 27. Kh2 Nh7 $6 (27... h5 $17) 28. b4 Ng5 $2 (28... h5 $1 29. gxh5 Nf6)
29. Ng1 $1 Bd8 30. Rb2 $132 Qe7 31. bxc5 (31. Qe2 $142) 31... bxc5 32. Qd2 $4 (
32. Qe2) 32... Qf6 $4 (32... h5 $1 33. gxh5 Bxh3 $19) 33. Kg2 $13 Bc7 34. f3
Qd8 35. Reb1 Nh7 36. Rb3 Nf6 37. Rf1 Qe7 38. Bc2 Ref8 $6 (38... Nd7) (38... h5
$5) 39. f4 $1 $36 exf4 40. Qxf4 Nd7 41. Nf3 Qf6 $6 (41... f6 $6 42. h4 {/\ h5})
(41... Re8 {/\ Rhf8,Ne5}) 42. Qxf6+ Nxf6 (42... Kxf6 43. e5+ $1 dxe5 44. Nd4+ {
/\ Nc6|^}) 43. e5 $1 dxe5 44. Nd2 $44 {><c5,o^d} Nd7 45. Nde4 a5 {/\ Ba6} (
45... Rd8) 46. Bd3 $6 (46. Nc3 {/\ Nb5}) (46. Rbf3 $5 {/\ Ba4}) 46... Ba6 47.
d6 Bd8 $6 (47... Rb8 $142 $5 48. Rxb8 Bxb8) 48. Rfb1 Bh4 49. Rb6 $1 Ra8 (49...
Nxb6 50. Rxb6 Bc8 51. Nxc5 Bxg3 52. Kxg3 Rd8 53. Nb3 $36) 50. Rc6 Rhd8 $6 (
50... Rhc8 51. Rc7 Rxc7 52. dxc7 Be7 $8 53. Nc3 Rc8 (53... Bd6 54. Be4 {/\ Rd1}
) 54. Nge4 $1 (54. Nd5 Bd6) 54... f5 55. gxf5 gxf5 56. Ng3 $16) 51. Rc7 Bc8 52.
Ne2 Nf6 53. Nxf6 $1 Bxf6 54. Be4 Ra6 55. Bd5 Raxd6 (55... Bd7 56. Nc3 Rxd6 57.
Ne4 Ra6 58. Nxc5) 56. Rxf7+ Kh8 57. Nc3 Bg7 58. Rb8 (58. Ne4 $18) 58... Rf6 59.
Ra7 Rff8 60. Ne4 Bf5 $8 61. Rxd8 (61. Rbb7 $1 Bxe4+ (61... Rxd5 62. gxf5) 62.
Bxe4 Rd2+ 63. Kg3 Rf4 64. Bxg6 Bf8 65. Bf5 $18) 61... Bxe4+ 62. Bxe4 Rxd8 63.
Bxg6 $18 {><a5,c5,Kh8,Bg7,o^a} Bf6 64. Rxa5 Rd4 65. Rxc5 e4 66. Kf1 e3 67. Ke2
Bg5 68. Bd3 Rd8 69. a4 Kg7 70. Rf5 Rb8 71. Rb5 Rf8 72. Bf5 Rd8 73. Rb2 Rd4 74.
Rc2 Rf4 75. Kd3 Rf1 76. c5 Rd1+ 77. Ke2 Rh1 78. c6 Rh2+ 79. Kf3 e2 80. Rxe2
Rxh3+ 1-0

[Event "Espergarde PC"]
[Site "Espergarde"]
[Date "1992.??.??"]
[Round "3"]
[White "Malaniuk, Vladimir P"]
[Black "Danielsen, Henrik"]
[Result "1-0"]
[WhiteElo "2540"]
[BlackElo "2415"]
[Annotator "Hansen,LB"]
[PlyCount "43"]
[EventDate "1992.??.??"]
[EventType "tourn"]
[EventRounds "9"]
[EventCountry "DEN"]
[EventCategory "9"]
[SourceTitle "CBM 033"]
[Source "ChessBase"]
[SourceDate "1993.04.01"]
[SourceVersion "1"]
[SourceVersionDate "1993.04.01"]
[SourceQuality "1"]

1. d4 Nf6 2. Nf3 e6 3. e3 b6 4. Bd3 Bb7 5. O-O Be7 (5... c5 6. c4 cxd4 7. exd4
Be7 8. Nc3 d5 9. cxd5 Nxd5 10. Ne5 O-O 11. Qg4 $1 $36) 6. c4 O-O 7. Nc3 d5 8.
cxd5 $5 (8. b3) 8... exd5 9. b3 Nbd7 10. Bb2 Ne4 11. Ne2 $1 {/\ Rc1;Ng3} Bd6
12. Ng3 Qf6 $6 (12... f5 $5 13. Ne5 (13. Rc1 Qe7 $132) 13... Qe7 $13) 13. Rc1 {
/\ Bb5} a6 14. Qc2 Nxg3 (14... Rfe8 15. Bxe4 $5 dxe4 16. Nd2 {/\ Nc4+/=}) 15.
hxg3 $14 (15. Bxh7+ Kh8 16. fxg3 $5 (16. hxg3 $2 g6 $19) 16... Qh6 17. Bd3
Qxe3+ 18. Kh1 $13) 15... Qh6 $2 (15... g6 $6 16. e4 $1 dxe4 17. Bxe4 Bxe4 18.
Qxe4 $16 {X /^a1-h8}) (15... h6 16. Bf5 Qe7 $14) 16. g4 $1 Rfe8 17. g3 $1 $16 {
/\ Kg2;Rh1->} Nf8 18. Kg2 Qe6 $6 (18... g6 $8 19. Rh1 Qg7 $16) 19. Ng5 Qxg4 20.
Bxh7+ Nxh7 21. Qxh7+ Kf8 22. Rxc7 $1 (22. Rxc7 Bxc7 23. Ba3+ $18) 1-0

[Event "EU-ch 3rd"]
[Site "Batumi"]
[Date "2002.06.12"]
[Round "1"]
[White "Aronian, Levon"]
[Black "Matnadze, Ana"]
[Result "1-0"]
[WhiteElo "2571"]
[BlackElo "2365"]
[Annotator "Hecht,H"]
[PlyCount "92"]
[EventDate "2002.06.12"]
[EventType "swiss"]
[EventRounds "13"]
[EventCountry "GEO"]
[SourceTitle "CBM 090"]
[Source "ChessBase"]
[SourceDate "2002.09.20"]
[SourceVersion "1"]
[SourceVersionDate "2002.09.20"]
[SourceQuality "1"]

1. d4 Nf6 2. c4 e6 3. Nf3 b6 4. e3 Bb7 5. Bd3 Bb4+ 6. Nbd2 Ne4 7. O-O Bxd2 8.
Nxd2 Nxd2 9. Bxd2 Qe7 10. b4 d6 11. Qa4+ Qd7 12. Qc2 Nc6 13. Be4 f5 14. Bf3 O-O
15. c5 a5 16. Rac1 Nxb4 17. c6 Nxc2 18. cxd7 Bxf3 19. gxf3 Nb4 20. Bxb4 axb4
21. Rxc7 b3 22. axb3 Rfd8 23. Rfc1 Kf7 24. R1c6 Ke7 25. Rxb6 g5 26. Kg2 h5 27.
Rbb7 Ra2 28. Rc8 f4 29. Rxd8 Kxd8 30. e4 Rd2 31. Rb5 Rxd4 32. Rxg5 Kxd7 33.
Rg7+ Kc6 34. Rf7 e5 35. Rh7 Rb4 36. h4 Rxb3 37. Rxh5 {[#] 4-3 Bauern auf einer
Seite bei einem weißen Freibauern. Besondere Merkmale: der schwarze Turm kann
den h-Bauern nicht von hinten kontrollieren, der weiße König hat aber sehr
wohl Vorwärtsdrang.} Kd7 38. Rg5 Ke7 39. h5 Rb8 40. Rg7+ Kf6 41. Rg6+ Kf7 (
41... Ke7 42. Kh3 Rb1 43. h6 Rh1+ 44. Kg4 Rh2 45. Kg5 Rg2+ 46. Kf5 Rxf2 47. h7
Rh2 48. Rg7+ $18) 42. Rxd6 Rg8+ 43. Kh3 Rg5 44. h6 Rg1 45. Rd7+ Kg8 (45... Kf6
46. h7 Rh1+ 47. Kg2 Rh5 48. Kf1 Kg6 49. Ke2 Rh3 50. Kd3 Rxf3+ 51. Kc4 Rh3 52.
Kd5 Kf6 53. f3 Rh1 54. Rd6+ Kg5 55. Kxe5 Rxh7 56. Rd8 Re7+ 57. Kd6 Ra7 58. Rg8+
Kf6 59. Rf8+ Kg5 60. Rf5+ $18) 46. Re7 {[%csl Re5,Rf4]} Rh1+ 1-0

[Event "Munich SKA"]
[Site "Munich"]
[Date "1994.06.03"]
[Round "11"]
[White "Lutz, Christopher"]
[Black "Lobron, Eric"]
[Result "0-1"]
[WhiteElo "2595"]
[BlackElo "2570"]
[Annotator "Hecht,H"]
[PlyCount "140"]
[EventDate "1994.05.21"]
[EventType "tourn"]
[EventRounds "11"]
[EventCountry "GER"]
[EventCategory "16"]
[SourceTitle "CBM 042"]
[Source "ChessBase"]
[SourceDate "1994.10.01"]
[SourceVersion "1"]
[SourceVersionDate "1994.10.01"]
[SourceQuality "1"]

1. d4 Nf6 2. c4 e6 3. Nf3 Bb4+ 4. Nbd2 b6 5. a3 Bxd2+ 6. Qxd2 Bb7 7. e3 d6 8.
Be2 O-O 9. O-O a5 10. b3 Nbd7 11. Bb2 Qe7 12. Rad1 Rfd8 13. Qc3 d5 14. cxd5
Bxd5 15. Bc4 c6 16. Nd2 c5 17. dxc5 Qxc5 18. e4 Bxc4 19. Nxc4 b5 20. Nd6 Qxc3
21. Bxc3 Nc5 22. Bxa5 Rxd6 23. Rxd6 Nb7 24. Rb6 Nxa5 25. Rxb5 Nxe4 26. Rc1 h6
27. Rc2 Nd6 28. Rb6 Nf5 29. g3 Nd4 30. Rb2 Rc8 31. Kg2 Rc3 32. b4 Nc4 33. Rb8+
Kh7 34. Ra2 Nxa3 35. Rd2 Nab5 36. Rd8 Rc4 37. Rb2 e5 38. Rd5 f6 39. Rc5 Rxc5
40. bxc5 Na7 41. Rb7 Nac6 42. h4 h5 43. Rd7 Kg6 44. f3 Nb8 45. Rd6 (45. Rb7 Na6
$19) 45... Kf5 46. f4 Nbc6 47. fxe5 Kxe5 48. Kh3 f5 49. Kg2 (49. Rg6 Ne6 50.
Kg2 Ne7 $19) 49... Nb4 50. Rd8 Nd5 51. Rd7 g6 52. Kh1 (52. Rd6 Ne6 53. Kf3 Nf6
$19) (52. Rd6 Ne6 53. Rc6 Ne7 $19) 52... Nc6 53. Rd6 Nce7 54. Kh2 Kd4 55. Re6
Kxc5 56. Kh1 Kd4 57. Kh2 Kd3 58. Kg1 Kd4 59. Kh2 Kc4 60. Kh1 Kc3 61. Kg1 Kd3
62. Kh1 Ng8 63. Rxg6 Ngf6 64. Rh6 Ke3 65. Kg2 Ke2 66. Rh8 Ne3+ 67. Kh3 Kf3 68.
Rf8 Ne4 69. Rf7 Nxg3 70. Rg7 Ne4 (70... Ne4 71. Rh7 Ng4 72. Rxh5 Nef2#) 0-1

[Event "Kropotkin"]
[Site "Kropotkin"]
[Date "1995.??.??"]
[Round "4"]
[White "Portisch, Lajos"]
[Black "Poluljahov, Aleksandr"]
[Result "1/2-1/2"]
[WhiteElo "2585"]
[BlackElo "2450"]
[Annotator "Hecht,H"]
[PlyCount "122"]
[EventDate "1995.04.??"]
[EventType "tourn"]
[EventRounds "7"]
[EventCountry "RUS"]
[EventCategory "14"]
[SourceTitle "CBM 047"]
[Source "ChessBase"]
[SourceDate "1995.08.01"]
[SourceVersion "1"]
[SourceVersionDate "1995.08.01"]
[SourceQuality "1"]

1. d4 Nf6 2. c4 e6 3. Nf3 b6 4. e3 Bb7 5. Bd3 c5 6. O-O g6 7. Nc3 Bg7 8. e4
cxd4 9. Nxd4 O-O 10. Be3 d6 11. f3 a6 12. Qd2 Nbd7 13. Rfd1 Rc8 14. Bf1 Re8 15.
Rac1 Bf8 16. Kh1 Qc7 17. a3 Qb8 18. b4 Be7 19. Nb3 Rc6 20. Bg1 Ba8 21. Na4 h5
22. Qe3 Bd8 23. Qf2 Rc8 24. Nb2 Bb7 25. Qd2 Be7 26. Nd3 Ba8 27. Bd4 h4 28. Nf2
Nh5 29. Nh3 Ne5 30. Bb2 Rc7 31. c5 Rd8 32. cxd6 Rxd6 33. Qh6 Bf8 34. Qe3 Rxd1
35. Rxd1 Nc4 36. Bxc4 Rxc4 37. Qg5 Rc8 38. Be5 Qb7 39. Qxh4 Be7 40. Qf2 a5 41.
Bb2 axb4 42. axb4 Qa6 43. Qd2 Qb5 44. Nf2 Qxb4 45. Qxb4 Bxb4 46. g4 Nf4 47. Be5
Ne2 48. g5 Bc6 49. Ra1 Ra8 50. Rb1 Ra3 51. Nd4 Nxd4 52. Bxd4 Bc5 53. Bxc5 bxc5
54. Rb6 Rxf3 55. Kg2 Rxf2+ 56. Kxf2 Bxe4 {R<->B Motive: 2-2 B am K-Flügel,
Festung, einfach} 57. Rb8+ Kg7 58. Rc8 Bd5 59. Ke3 Bb3 (59... c4 60. Kd4 c3 61.
Rxc3 Ba2 62. Ke5 Bd5 63. Rc7 Bb3 $10) 60. Rxc5 e5 61. Ke4 Be6 1/2-1/2

[Event "Ostrava"]
[Site "Ostrava"]
[Date "1994.??.??"]
[Round "1"]
[White "Danner, Georg"]
[Black "Sokolov, Andrei"]
[Result "0-1"]
[WhiteElo "2440"]
[BlackElo "2555"]
[Annotator "Hecht,H"]
[PlyCount "106"]
[EventDate "1994.06.??"]
[EventType "tourn"]
[EventRounds "11"]
[EventCountry "CZE"]
[EventCategory "11"]
[SourceTitle "CBM 042"]
[Source "ChessBase"]
[SourceDate "1994.10.01"]
[SourceVersion "1"]
[SourceVersionDate "1994.10.01"]
[SourceQuality "1"]

1. d4 Nf6 2. c4 e6 3. Nf3 b6 4. e3 Bb7 5. Bd3 d5 6. O-O Bd6 7. b3 O-O 8. Nc3 c5
9. cxd5 exd5 10. Bb2 Nbd7 11. Rc1 Re8 12. Bf5 Ne4 13. dxc5 Nxc3 14. Rxc3 bxc5
15. Rc2 Nf6 16. Qd3 g6 17. Bh3 d4 18. exd4 Be4 19. Qd1 Bxc2 20. Qxc2 cxd4 21.
Nxd4 Qc7 22. Qxc7 Bxc7 23. Ne6 fxe6 24. Bxf6 Kf7 25. Bg5 Bd8 26. Be3 Bb6 27.
Re1 Rac8 28. g3 Rc2 29. a4 Rc3 30. Bxb6 axb6 31. Rb1 Rec8 32. Bf1 Rc1 33. Rxc1
Rxc1 34. Kg2 Rc3 35. Bc4 Kf6 36. h4 h6 37. Kf1 e5 38. Ke2 e4 39. Bg8 Ke5 40.
Bf7 g5 41. hxg5 hxg5 42. b4 (42. Bg8 Kd4 43. Kd2 Rf3 44. Ke2 g4 45. Be6 e3 $19)
(42. Bc4 Kd4 43. Be6 Rc2+ 44. Kf1 Rb2 45. Ke1 Kc3 46. Kf1 Rxb3 47. Bxb3 Kxb3
48. Ke2 Kxa4 49. Ke3 b5 $19) 42... Rc2+ 43. Ke3 Rb2 44. b5 Rb4 45. f4+ exf3 46.
Kxf3 Rxa4 47. Be8 g4+ 48. Ke3 Ra2 49. Bc6 (49. Bd7 Rg2 50. Bxg4 Rxg3+ 51. Bf3
Kd6 52. Kf4 Rxf3+ 53. Kxf3 Kc5 $19) 49... Rb2 50. Bd7 Rg2 51. Bxg4 Rxg3+ 52.
Bf3 Kd6 53. Kf2 Rxf3+ 0-1

[Event "Golombek Memorial"]
[Site "Paignton"]
[Date "2000.09.06"]
[Round "4"]
[White "Turner, Matthew"]
[Black "Hillarp Persson, Tiger"]
[Result "1/2-1/2"]
[WhiteElo "2491"]
[BlackElo "2549"]
[Annotator "Hecht,H"]
[PlyCount "126"]
[EventDate "2000.09.03"]
[EventType "tourn"]
[EventRounds "11"]
[EventCountry "ENG"]
[EventCategory "11"]
[SourceTitle "CBM 079"]
[Source "ChessBase"]
[SourceDate "2000.11.21"]
[SourceVersion "1"]
[SourceVersionDate "2000.11.21"]
[SourceQuality "1"]

1. d4 e6 2. Nf3 c5 3. e3 Nf6 4. Bd3 b6 5. O-O Bb7 6. b3 Be7 7. Bb2 O-O 8. Nbd2
d6 9. c4 Nbd7 10. Qe2 a6 11. a3 Re8 12. Rad1 Bf8 13. Bc2 Qc7 14. dxc5 Qxc5 15.
Rc1 Rac8 16. Rfd1 Qh5 17. h3 Rc7 18. e4 Rec8 19. Bb1 e5 20. Nf1 g6 21. b4 Qh6
22. N3d2 Nh5 23. g3 Ng7 24. Kh2 Ne6 25. Ne3 Ng5 26. h4 Ne6 27. Nf3 Nf6 28. Nd5
Bxd5 29. exd5 Ng7 30. Ng5 Qh5 31. Bd3 h6 32. Qxh5 Ngxh5 33. Nh3 Ng4+ 34. Kg2 f5
35. c5 b5 36. a4 dxc5 37. axb5 axb5 38. Bxb5 cxb4 39. Rxc7 Rxc7 40. d6 Rc8 41.
d7 Rd8 42. Rc1 Nhf6 43. Rc8 Rxd7 44. Bxd7 Nxd7 45. Ng1 Nc5 46. Bc1 Nd3 47. f3
Nxc1 48. Rxc1 Ne3+ 49. Kf2 Nd5 50. Ne2 Kf7 51. Rc8 b3 52. Nc3 Nxc3 53. Rxc3 b2
54. Rb3 Bc5+ 55. Ke2 Bd4 56. Kd3 h5 57. f4 Ke6 58. fxe5 Bxe5 59. Kc2 Bd4 (59...
Kd5 $5 60. Rb6 Bxg3 61. Rxg6 (61. Kxb2 Bxh4 62. Rxg6 Be7 63. Kc3 h4 64. Kd3 Ke5
65. Ke2 $11) 61... f4 (61... Be5 62. Rh6 f4 63. Rxh5 f3 64. Rg5 Ke4 65. Rg1 f2
66. Rb1 Kf3 67. Kd2 Bf4+ $19 {[%cal Rf4c1]})) 60. Ra3 f4 61. gxf4 Kf5 62. Ra5+
Kxf4 63. Rg5 Bf6 1/2-1/2